Statisical Methods For Agricultural Workers (Record no. 491)

MARC details
000 -LEADER
fixed length control field 00285nam a22001217a 4500
041 ## - LANGUAGE CODE
Language code of text/sound track or separate title ENG
100 ## - MAIN ENTRY--PERSONAL NAME
Personal name Panse.V.G
245 ## - TITLE STATEMENT
Title Statisical Methods For Agricultural Workers
260 ## - PUBLICATION, DISTRIBUTION, ETC. (IMPRINT)
Place of publication, distribution, etc Delhi
Name of publisher, distributor, etc Indian Council Of Agrictural
Date of publication, distribution, etc 1995
300 ## - PHYSICAL DESCRIPTION
Extent 359
650 ## - SUBJECT ADDED ENTRY--TOPICAL TERM
Topical term or geographic name as entry element M.Tech
856 ## - ELECTRONIC LOCATION AND ACCESS
Uniform Resource Identifier M.Tech
Holdings
Withdrawn status Lost status Source of classification or shelving scheme Damaged status Not for loan Home library Current library Shelving location Date acquired Total Checkouts Barcode Date last seen Price effective from Koha item type
    Dewey Decimal Classification     College of Agricultural Engineering and Technology, Dapoli , Library College of Agricultural Engineering and Technology, Dapoli , Library Book Cart 27/08/2021   000953 27/08/2021 27/08/2021 Books

Contact Us: College of Agricultural Engineering and Technology, Dapoli, Dist.- Ratnagiri
Website: https://dbskkv.org Email: caetlibrary2015@gmail.com